[Event "JUG-chT"]
[Site "Nis"]
[Date "1995.??.??"]
[Round "?"]
[White "Nikolin, Zorica"]
[Black "Todorovic, Bojan"]
[Result "0-1"]
[WhiteElo "2300"]
[BlackElo "2360"]

1.e4 c5 2.Nf3 e6 3.d4 cxd4 4.Nxd4 a6 5.Bd3 g6 6.O-O Bg7 7.Nf3 Nc6 8.c4 Nf6
9.Nc3 O-O 10.Bf4 d6 11.Bc2 e5 12.Bg5 h6 13.Bxf6 Qxf6 14.Nd5 Qd8 15.b4 Be6
16.b5 Ne7 17.Rb1 Nxd5 18.cxd5 Bd7 19.bxa6 Rxa6 20.Rxb7 Rxa2 21.Qb1 Ra6 22.Qb4 Bc8
23.Rb8 Qc7 24.Bd3 Ra2 25.Rb6 Rd8 26.Rb1 Bf8 27.Nd2 Qa7 28.Nc4 Ba6 29.Bf1 Rc8
30.Qb3 Bxc4 31.Bxc4 Rd2 32.Qe3 Rc2 33.Bf1 h5 34.Ra6 Qxe3 35.fxe3 Bh6 36.Rxd6 Bxe3+
37.Kh1 Rc1  0-1

[Event "JUG-ch sf"]
[Site "Nis"]
[Date "1995.??.??"]
[Round "?"]
[White "Djoric, Dusan"]
[Black "Solak, Dragan"]
[Result "1/2-1/2"]
[WhiteElo "2345"]
[BlackElo "2200"]

1.e4 c5 2.Nf3 e6 3.d4 cxd4 4.Nxd4 a6 5.Bd3 Nf6 6.O-O d6 7.c4 Qc7 8.Nc3 Nbd7
9.Be3 Be7 10.Rc1 b6 11.f4 Bb7 12.f5 e5 13.Nd5 Bxd5 14.cxd5 Nc5 15.Ne2 Qb7
16.Bc2 O-O 17.Ng3 Rac8 18.b4 Ncd7 19.Bd3 Rxc1 20.Bxc1 Rc8 21.Qe2 Nb8 22.Bd2 Bd8
23.Nh5 Nxh5 24.Qxh5 b5 25.Rf3 Qa7+ 26.Kf1 Nd7 27.Rh3 Nf6 28.Qf3 Qd4 29.Ke2 Bb6
30.Qe3 Qxe3+ 31.Bxe3 Bxe3 32.Rxe3 Rc3 33.Kd2 Ra3 34.Bb1 Rxe3 35.Kxe3 Kf8
36.h3 Ke7 37.Bc2 Kd7 38.g4 h6 39.Bd3 g5 40.Be2 Kc7 41.a3 Ne8 42.Bd3 Kb6 43.Be2 Nc7
44.Kd2 Kb7 45.Kc3 Na8 46.Kb3 Nb6 47.Kc3 Kc7 48.Kb3 Kb7 49.Kc3 Nd7 50.Kb3 Nf6
51.Bf3 Kc7 52.Kc3 Nd7 53.Kb3 Nb6 54.Be2 Kd7 55.Kc3 Ke7 56.Kb3 Kd8  1/2-1/2

[Event "JUG-ch sf"]
[Site "Nis"]
[Date "1995.??.??"]
[Round "?"]
[White "Pikula, Dejan"]
[Black "Todorovic, Bojan"]
[Result "1-0"]
[WhiteElo "2450"]
[BlackElo "2360"]

1.e4 c5 2.Nf3 e6 3.d4 cxd4 4.Nxd4 a6 5.Bd3 g6 6.O-O Bg7 7.Be3 Nf6 8.c4 d6
9.Nc3 O-O 10.h3 b6 11.Qd2 Bb7 12.f4 Nbd7 13.f5 exf5 14.exf5 d5 15.fxg6 hxg6
16.Bh6 Ne5 17.Bxg7 Kxg7 18.Bxg6 Kxg6 19.Rf5 Ne4 20.Nxe4 dxe4 21.Rxe5 f6 22.Rf5 Qd6
23.Qd1 Kf7 24.Qh5+  1-0

[Event "NLD-chT9596"]
[Site "?"]
[Date "1995.??.??"]
[Round "?"]
[White "Den Broeder, Guido"]
[Black "Martens, Martin"]
[Result "0-1"]
[WhiteElo "2290"]
[BlackElo "2405"]

1.e4 c5 2.Nf3 e6 3.d4 cxd4 4.Nxd4 a6 5.Bd3 Nf6 6.O-O d6 7.Qe2 g6 8.c3 Bg7
9.Bg5 Qc7 10.Nd2 O-O 11.f4 Nbd7 12.Rf2 b5 13.Raf1 Bb7 14.f5 exf5 15.exf5 Rae8
16.Qd1 Bd5 17.a3 Qb7 18.g4 Qb6 19.Be2 h6 20.Bh4 g5 21.Bg3 Nc5 22.Bf3 Nd3
23.Bxd5 Nxd5 24.f6 Nxf2 25.Bxf2 Nxf6 26.Nf5 Qd8 27.Nxg7 Kxg7 28.Bd4 Re5 29.Nf3 Qe7
30.h3  0-1

[Event "NLD-chT9596"]
[Site "?"]
[Date "1995.??.??"]
[Round "?"]
[White "Den Broeder, Guido"]
[Black "Brenninkmeijer, Joris"]
[Result "0-1"]
[WhiteElo "2290"]
[BlackElo "2490"]

1.e4 c5 2.Nf3 e6 3.d4 cxd4 4.Nxd4 a6 5.Bd3 Qc7 6.O-O Nf6 7.Qe2 Bc5 8.c3 d6
9.Bg5 Nc6 10.Nxc6 bxc6 11.Nd2 Nd7 12.Rad1 a5 13.Nc4 O-O 14.Be7 Re8 15.e5 dxe5
16.Bd6 Bxd6 17.Nxd6 Re7 18.f4 exf4 19.Bxh7+ Kxh7 20.Qh5+ Kg8 21.Rxf4 Qb6+
22.Kh1 Qc5 23.Nf5 exf5 24.Rh4 f6 25.Qh7+ Kf7 26.Qh5+ Ke6 27.Rhd4 Ne5 28.b4 axb4
29.cxb4 Qd5 30.Rxd5 cxd5 31.Qe2 Kf7 32.Qc2 f4 33.a4  0-1

[Event "Novgorod op"]
[Site "Novgorod"]
[Date "1995.??.??"]
[Round "8"]
[White "Korneev, Oleg"]
[Black "Iordachescu, Viorel"]
[Result "1-0"]
[WhiteElo "2540"]
[BlackElo "2425"]

1.e4 c5 2.Nf3 e6 3.d4 cxd4 4.Nxd4 a6 5.Bd3 g6 6.f4 Bg7 7.Nf3 d6 8.O-O Nc6
9.Nc3 Nf6 10.a4 O-O 11.Kh1 e5 12.fxe5 dxe5 13.Be3 Be6 14.Ng5 Bg4 15.Qe1 h6
16.Qh4 Bh5 17.Nh3 Nd4 18.Bxh6 Bxh6 19.Qxf6 Qxf6 20.Rxf6 b5 21.Nf2 Bg5 22.Rd6 Bh4
23.g4 Bxf2 24.gxh5 gxh5 25.Rf1 Bh4 26.Rh6 Kg7 27.Rxh5 Bd8 28.Nd5 f6 29.axb5 Nxb5
30.Bc4 Nd6 31.Rg1+ Kf7 32.Nc7+  1-0

[Event "Odorheiu Secuiesc zt"]
[Site "Odorheiu Secuiesc"]
[Date "1995.??.??"]
[Round "9"]
[White "Manik, Mikulas"]
[Black "Ninov, Nikolai"]
[Result "1-0"]
[WhiteElo "2380"]
[BlackElo "2435"]

1.e4 c5 2.Nf3 e6 3.d4 cxd4 4.Nxd4 a6 5.Bd3 Nf6 6.c4 Nc6 7.Nxc6 dxc6 8.O-O e5
9.Qe2 Bc5 10.Be3 Qb6 11.Bxc5 Qxc5 12.Nc3 Bg4 13.Qc2 Rd8 14.h3 Bh5 15.a3 O-O
16.g4 Bg6 17.b4 Qe7 18.c5 h5 19.f3 Nh7 20.Kg2 Qh4 21.Rad1 a5 22.Bc4 Rxd1
23.Nxd1 Ng5 24.Nf2 axb4 25.axb4 Ra8 26.Qc3 Kh7 27.Rd1 Bxe4 28.Bd3 Bxd3 29.Qxd3+ g6
30.Qe2 Ra3 31.Rd3 Rxd3 32.Qxd3 Ne6 33.Qd7 Nf4+ 34.Kf1 Kg7 35.Qc7 Nxh3 36.Qxe5+ Kh7
37.Ne4 hxg4 38.Nf6+ Kg7 39.Nh5+ Kf8 40.Qb8+ Ke7 41.Qd6+  1-0

[Event "CZE-ch"]
[Site "Olomouc"]
[Date "1995.??.??"]
[Round "?"]
[White "Oral, Tomas"]
[Black "Suran, Jan"]
[Result "1-0"]
[WhiteElo "2405"]
[BlackElo "2215"]

1.e4 c5 2.Nf3 e6 3.d4 cxd4 4.Nxd4 a6 5.Bd3 Nf6 6.O-O d6 7.c4 b6 8.Nc3 Bb7
9.f4 Nbd7 10.f5 e5 11.Nf3 Nc5 12.Qe2 Nxd3 13.Qxd3 Be7 14.Bg5 Qc7 15.Bxf6 Bxf6
16.Rad1 O-O 17.Qxd6 Qxc4 18.Nxe5 Bxe5 19.Qxe5 Rfe8 20.Qd4 Qxd4+ 21.Rxd4 Rad8
22.Rfd1 Rxd4 23.Rxd4 Kf8 24.Kf2 f6 25.Ke3 Re5 26.Rd8+ Kf7 27.Rd7+ Re7 28.Rxe7+ Kxe7
29.Nd5+ Bxd5 30.exd5 Kd7 31.Kd4 Kc7 32.a4  1-0

[Event "Komercni Banka op"]
[Site "Olomouc"]
[Date "1995.??.??"]
[Round "4"]
[White "Divis, Josef"]
[Black "Berezjuk, Sergej"]
[Result "0-1"]
[WhiteElo "2240"]
[BlackElo "2395"]

1.e4 c5 2.Nf3 e6 3.d4 cxd4 4.Nxd4 a6 5.Bd3 g6 6.O-O Bg7 7.c3 d6 8.a4 b6 9.Be3 Nf6
10.f3 O-O 11.Nd2 Qc7 12.a5 Nfd7 13.axb6 Nxb6 14.Qe2 Bb7 15.N2b3 d5 16.Na5 dxe4
17.fxe4 N6d7 18.Nxb7 Qxb7 19.Ra5 Nc5 20.Rfa1 Nxd3 21.Qxd3 Nd7 22.Nf3 Nf6
23.R1a4 Rfd8 24.Qc2 Ng4 25.Bc5 Qxb2  0-1

[Event "Pardubice op"]
[Site "Pardubice"]
[Date "1995.??.??"]
[Round "?"]
[White "Kislov, Mikhail"]
[Black "Rogovski, Vladimir"]
[Result "1-0"]
[WhiteElo "2395"]
[BlackElo "2460"]

1.e4 c5 2.Nf3 e6 3.d4 cxd4 4.Nxd4 a6 5.Bd3 Nf6 6.c4 Nc6 7.Be3 Ne5 8.Nb3 Bb4+
9.Kf1 d5 10.exd5 exd5 11.c5 O-O 12.a3 Nxd3 13.Qxd3 Bd7 14.Qd4 Ba5 15.Nxa5 Qxa5
16.Nc3 Bb5+ 17.Kg1 Bc4 18.b4 Qc7 19.h3 Rfe8 20.Bf4 Qc6 21.Kh2 Ne4 22.Rhe1 Nxc3
23.Qxc3 Be2 24.Be5 f6 25.Rxe2 fxe5 26.Rxe5 Rxe5 27.Qxe5 Re8 28.Qd4 Re4 29.Qd3 Qc7+
30.g3 Qe5 31.Rd1 d4 32.Qc4+ Kh8 33.Qf7 h5 34.Kg2 h4 35.Rd3 hxg3 36.Rxg3 Rf4
37.Qxb7 Qf6 38.Kg1 Rxf2 39.Qxg7+ Qxg7 40.Rxg7 Ra2 41.Rd7 Rxa3 42.c6  1-0

[Event "Paris op"]
[Site "Paris"]
[Date "1995.??.??"]
[Round "?"]
[White "Ziatdinov, Raset"]
[Black "Kovacevic, Slobodan"]
[Result "1/2-1/2"]
[WhiteElo "2440"]
[BlackElo "2365"]

1.e4 c5 2.Nf3 e6 3.d4 cxd4 4.Nxd4 a6 5.Bd3 Nf6 6.O-O d6 7.Nc3 Be7 8.f4 O-O
9.Kh1 Qc7 10.Be3 b5 11.Qf3 Bb7 12.Rae1 Nbd7 13.g4 b4 14.Nce2 Nc5 15.Ng3 Nfxe4
16.Bxe4 Nxe4 17.Nxe4 f5 18.Nxe6 Qc4 19.Nf6+ Bxf6 20.Qxb7 Qxe6 21.g5 Rab8
22.Qf3 Bxb2 23.Ba7 Qxa2 24.Bxb8 Rxb8 25.Re7 Qc4 26.Rfe1 Bc3 27.R1e2 a5 28.Kg2 a4
29.Re8+ Rxe8 30.Rxe8+ Kf7 31.Re2 d5 32.Kh3 a3 33.Qe3 Qxe2 34.Qxe2 a2 35.Qb5 a1=Q
36.Qd7+ Kf8 37.Qd8+ Kf7 38.Qd7+ Kf8 39.Qd8+ Kf7 40.Qd7+  1/2-1/2

[Event "Paris op"]
[Site "Paris"]
[Date "1995.??.??"]
[Round "?"]
[White "Chomet, Pascal"]
[Black "Rotstein, Arkadij"]
[Result "1-0"]
[WhiteElo "2365"]
[BlackElo "2490"]

1.e4 c5 2.Nf3 e6 3.d4 cxd4 4.Nxd4 a6 5.Bd3 Qc7 6.O-O Nf6 7.Nc3 b5 8.Qe2 Bb7
9.e5 Nd5 10.Nxd5 Bxd5 11.a4 b4 12.Bd2 Nc6 13.Nxc6 Qxc6 14.f4 Bc5+ 15.Kh1 f5
16.exf6 gxf6 17.Bc4 Be4 18.Bd3 Bd5 19.Bc4 Bxc4 20.Qxc4 Rg8 21.Rf3 Kf7 22.Raf1 f5
23.Bxb4 Bxb4 24.Qxb4 Qxc2 25.R3f2 Qd3 26.Rf3 Qd5 27.Qe1 Rab8 28.Qe2 Ke7 29.Qf2 Rg7
30.Rg3 Rxg3 31.Qxg3 Kd6  1-0

[Event "Paris op"]
[Site "Paris"]
[Date "1995.??.??"]
[Round "?"]
[White "Apicella, Manuel"]
[Black "Forintos, Gyozo V"]
[Result "1/2-1/2"]
[WhiteElo "2505"]
[BlackElo "2485"]

1.e4 c5 2.Nf3 e6 3.d4 cxd4 4.Nxd4 a6 5.Bd3 g6 6.c4 Bg7 7.Be3 Ne7 8.Nc3 d6
9.O-O Nbc6 10.Nc2 O-O 11.f4 d5 12.Bf2 d4 13.Na4 e5 14.c5 exf4 15.Nb6 Rb8
16.Bc4 d3 17.Qxd3 Qxd3 18.Bxd3 Rd8 19.Nxc8 Rxd3 20.Nxe7+ Nxe7 21.Bh4 Nc6
22.Rxf4 Bxb2 23.Raf1 Rd7 24.Bf6 Bxf6 25.Rxf6 Re8 26.R6f4 Kg7 27.h3 Re5 28.Ne3 Nd4
29.Ng4 Rxc5 30.Kh2 Ne6 31.R4f2 b5 32.Nf6 Re7 33.Rd1 Rc6 34.e5 Nf8 35.Rd6 Rc5
36.Rxa6 Rcxe5 37.Ra8 R5e6 38.Nd5 Re2 39.Rxe2 Rxe2 40.Nc7 b4 41.Ra4 Rb2 42.Nd5 Ne6
43.Rxb4 Rxa2 44.Nf4 Ng5 45.Rb7 h5 46.h4 Nf3+ 47.Kg3 Ne5 48.Ne6+ Kf6 49.Ng5 Ra4
50.Rc7 Rg4+ 51.Kh3 Rc4 52.Rxc4 Nxc4 53.g4 Ne3 54.Ne4+ Kg7 55.gxh5 gxh5 56.Ng3 Kg6
57.Ne2 Kf5 58.Ng3+ Kg6 59.Ne2 Nd5 60.Kg3 Kf5 61.Kf3 Ke5 62.Ng3 Nf4 63.Ke3 f6
64.Kf3 f5 65.Kf2 Nd3+ 66.Ke2  1/2-1/2

[Event "Paris op"]
[Site "Paris"]
[Date "1995.??.??"]
[Round "?"]
[White "Rigo, Janos"]
[Black "Sellos, Didier"]
[Result "0-1"]
[WhiteElo "2310"]
[BlackElo "2410"]

1.e4 c5 2.Nf3 e6 3.d4 cxd4 4.Nxd4 a6 5.Bd3 d6 6.O-O g6 7.b3 Bg7 8.Bb2 Nf6
9.Nd2 O-O 10.Qe2 Qc7 11.c4 Nbd7 12.Rac1 b6 13.Bb1 Bb7 14.b4 Nh5 15.g3 Rfe8
16.Rfe1 Rac8 17.Nf1 Ne5 18.Ne3 Nf6 19.f3 Qb8 20.a3 d5 21.cxd5 Rxc1 22.Rxc1 exd5
23.f4 Nc4 24.e5 Nd7 25.e6 fxe6 26.Nxc4 dxc4 27.Qxc4 Qd6 28.Re1 b5 29.Qd3 Nf8
30.Ba2 Rd8 31.Rd1 Qb6 32.Kf1 Ba8 33.Nxe6 Rxd3 34.Nxg7+ Bd5 35.Bxd5+ Rxd5
36.Rxd5 Qc6 37.Rd2 Qh1+ 38.Kf2 Qxh2+ 39.Ke3 Qxg3+ 40.Ke4 Qg4 41.Be5 Kf7 42.Rc2 Ne6
43.Nxe6 Qf5+ 44.Kd4 Qxc2 45.Ng5+ Kg8  0-1

[Event "World op"]
[Site "Philadelphia"]
[Date "1995.??.??"]
[Round "2"]
[White "Sarkar, Justin"]
[Black "Teodoro, Eduardo"]
[Result "0-1"]
[WhiteElo "2125"]
[BlackElo "2220"]

1.e4 c5 2.Nf3 e6 3.d4 cxd4 4.Nxd4 a6 5.Bd3 Qc7 6.O-O b6 7.c4 Bb7 8.Nc3 Nf6
9.Re1 Bd6 10.g3 h5 11.Bf1 Bc5 12.Nb3 Bb4 13.Bd2 Bxc3 14.Bxc3 Nxe4 15.Rxe4 Bxe4
16.Qd4 Bb7 17.Qxg7 Rf8 18.Nd4 Nc6 19.Nf5 O-O-O 20.Nh6 Ne7 21.Bg2 Bxg2 22.Kxg2 d5
23.Nxf7 Nf5 24.Be5 Qxf7 25.Qxf7 Rxf7 26.cxd5 Rxd5 27.Rc1+ Rc5  0-1

[Event "World op"]
[Site "Philadelphia"]
[Date "1995.??.??"]
[Round "4"]
[White "Rowley, Robert"]
[Black "Sarkar, Justin"]
[Result "1-0"]
[WhiteElo "2350"]
[BlackElo "2125"]

1.e4 c5 2.Nf3 e6 3.d4 cxd4 4.Nxd4 a6 5.Bd3 Bc5 6.Nb3 Ba7 7.O-O Nc6 8.Qe2 Nge7
9.Be3 Bxe3 10.Qxe3 d6 11.N1d2 O-O 12.c3 Qc7 13.f4 Bd7 14.Nf3 b5 15.e5 Nd5
16.Bxh7+ Kxh7 17.Ng5+ Kg8 18.Qh3 Rfb8 19.Qh7+ Kf8 20.Qh8+ Ke7 21.Qxg7 Rf8
22.Rae1 Qb8 23.f5 dxe5 24.fxe6 Bxe6 25.Nc5 Qb6 26.Nxe6 Kd6 27.Nxf8 Qxc5+
28.Kh1 Nf4 29.Qxf7 Ra7 30.Rd1+  1-0

[Event "World op"]
[Site "Philadelphia"]
[Date "1995.??.??"]
[Round "5"]
[White "Salomon, Miguel"]
[Black "Teodoro, Eduardo"]
[Result "0-1"]
[WhiteElo "2270"]
[BlackElo "2220"]

1.e4 c5 2.Nf3 e6 3.d4 cxd4 4.Nxd4 a6 5.Bd3 Qc7 6.O-O b6 7.Nc3 Bb7 8.Qe2 Nc6
9.Nxc6 dxc6 10.e5 Ne7 11.f4 c5 12.f5 Nxf5 13.Bxf5 exf5 14.Rxf5 g6 15.Rf6 Bg7
16.Bf4 O-O 17.e6 Qe7 18.exf7+ Rxf7 19.Qxe7 Rxe7 20.Rxb6 Rf8 21.Bg3 Bd4+ 22.Kh1 c4
23.Rb4 Ref7  0-1

[Event "World op"]
[Site "Philadelphia"]
[Date "1995.??.??"]
[Round "8"]
[White "Ivanov, Alexander"]
[Black "Teodoro, Eduardo"]
[Result "1-0"]
[WhiteElo "2530"]
[BlackElo "2220"]

1.e4 c5 2.Nf3 e6 3.d4 cxd4 4.Nxd4 a6 5.Bd3 Nc6 6.Nxc6 dxc6 7.a4 Qc7 8.O-O Nf6
9.a5 h5 10.h3 Bc5 11.Qe2 Qg3 12.Nd2 e5 13.Kh1 Qg6 14.Nc4 Bg4 15.Qe1 Nd7 16.b4 Bd4
17.c3 Ba7 18.f4 O-O-O 19.f5 Qf6 20.Be3 Bxe3 21.Qxe3 g6 22.Kg1 gxf5 23.exf5 Rdg8
24.hxg4 Rxg4 25.Be2 Rg7 26.Rad1 Rhg8 27.Rf2 e4 28.Qf4 e3 29.Qxe3 Rg3 30.Qf4 Qxc3
31.Nd6+  1-0

[Event "Polanica Zdroj op"]
[Site "Polanica Zdroj"]
[Date "1995.??.??"]
[Round "6"]
[White "Pedzich, Dominik"]
[Black "Labuckas, Aidas"]
[Result "0-1"]
[WhiteElo "2400"]
[BlackElo "2345"]

1.e4 c5 2.Nf3 e6 3.d4 cxd4 4.Nxd4 a6 5.Bd3 Nf6 6.O-O d6 7.f4 g6 8.Nc3 Bg7
9.Be3 O-O 10.Kh1 b5 11.a3 Bb7 12.Qd2 Nbd7 13.Rac1 Ng4 14.Nf3 Nxe3 15.Qxe3 Rc8
16.Nd1 Nb6 17.c3 Nc4 18.Bxc4 Rxc4 19.Nf2 a5 20.Nd2 Rc8 21.Nd3 Re8 22.e5 dxe5
23.Nxe5 Qd5 24.Ndf3 Qc5 25.Qe2 Bd5 26.Rf2 Qb6 27.h3 b4 28.axb4 axb4 29.Rc2 Rc7
30.Rf1 Rec8 31.Qd2 bxc3 32.Rxc3 Rxc3 33.bxc3 f6 34.Nd3 Rd8 35.Nfe1 e5 36.fxe5 fxe5
37.Qe2 Qe6 38.Qe3 Rc8 39.Nb4 Ba8 40.Nf3 Qc4 41.Rd1 e4 42.Nd4 Qxc3 43.Qxc3 Rxc3
44.Ne2 Rc8 45.Nd5 Rc2 46.Nef4 Be5 47.Ne3 Ra2 48.Ne6 Ra1 49.Rxa1 Bxa1 50.h4 h6
51.Kg1 Kf7 52.Nf4 Bd4 53.Kf2 Bc6 54.g3 Kf6 55.Ne2 Ba7 56.Nf4 Bb5 57.Nd5+ Ke5
58.Nf4 g5 59.hxg5 hxg5 60.Ne2 Bxe2 61.Kxe2  0-1

[Event "Polanica Zdroj op"]
[Site "Polanica Zdroj"]
[Date "1995.??.??"]
[Round "8"]
[White "Blehm, Pawel"]
[Black "Jaracz, Pawel"]
[Result "1/2-1/2"]
[WhiteElo "2340"]
[BlackElo "2395"]

1.e4 c5 2.Nf3 e6 3.d4 cxd4 4.Nxd4 a6 5.Bd3 Nc6 6.Nxc6 dxc6 7.O-O e5 8.Kh1 Nf6
9.f4 Bc5 10.Qe1 Ng4 11.Nc3 h5 12.Nd1 exf4 13.Bxf4 Be6 14.Ne3 Nxe3 15.Bxe3 Bxe3
16.Qxe3 Qe7 17.a4 O-O 18.Rf4 Qg5 19.Raf1 Rae8 20.Qb6 Re7 21.b4 Qe5 22.b5 axb5
23.axb5 c5 24.h3 Ra8 25.R4f2 Rd7 26.Rb1 Ra2 27.Bf1 Qd4 28.Rf3 Rxc2 29.Rd3 Qxe4
30.Rxd7 Bxd7 31.Rd1 Bf5 32.Qd8+ Kh7 33.Qg5 g6 34.Bd3 Qxd3 35.Rxd3 Bxd3 36.Qd5 Bc4
37.Qxb7 Rd2 38.Qc6 Bd5 39.Qxc5 Bxg2+ 40.Kh2  1/2-1/2

[Event "Polanica Zdroj op"]
[Site "Polanica Zdroj"]
[Date "1995.??.??"]
[Round "10"]
[White "Kislov, Mikhail"]
[Black "Voloshin, Leonid"]
[Result "1-0"]
[WhiteElo "2395"]
[BlackElo "2435"]

1.e4 c5 2.Nf3 e6 3.d4 cxd4 4.Nxd4 a6 5.Bd3 Bc5 6.Nb3 Ba7 7.Nc3 Nc6 8.Qe2 d6
9.Be3 Bxe3 10.Qxe3 Nf6 11.g4 O-O 12.g5 Nd7 13.f4 b5 14.O-O-O Qc7 15.Kb1 Nb6
16.Nd4 b4 17.Nce2 Nxd4 18.Qxd4 a5 19.Ng3 e5 20.Qe3 exf4 21.Qxf4 Nd7 22.Nf5 Ne5
23.Be2 Bxf5 24.exf5 Rab8 25.f6 a4 26.Rd4 b3 27.cxb3 axb3 28.Rc1 bxa2+ 29.Ka1 Qb6
30.Qd2 Rfd8 31.fxg7 Rd7 32.Rd5 Qb3 33.Rc3 Qb6 34.h4 Rdb7 35.Rb5 Qa7 36.Rxb7 Qxb7
37.h5 Kxg7 38.h6+ Kg8 39.Bd1 Qb6 40.Qc2 Qd8 41.Qf5 Ng6 42.Bb3 Qe7 43.Re3 Ne5
44.Bc2 Kf8 45.Bb3 Qb7 46.Qf1 Kg8 47.Qd1 Qb6 48.Rc3 Kf8 49.Qc1 Qb7 50.Qd2 Qb6
51.Bd5 Qg1+ 52.Rc1 Qb6 53.Be4 Nd7 54.Qc3 Nc5 55.Bc2 Qb4 56.Qh8+ Ke7 57.Qf6+ Ke8
58.Rd1 Nd7 59.Qd4 Qxd4 60.Rxd4 Nf8 61.Rxd6 Rb5 62.Ba4 Ke7 63.Bxb5 Kxd6 64.Bc4 Ke7
65.Bd3 f6 66.Bxh7 fxg5 67.Be4 Kf6 68.b4 Nd7 69.Kxa2 Ne5 70.Kb3 g4 71.b5 Nd7
72.Kc4 g3  1-0

[Event "Polanica Zdroj op"]
[Site "Polanica Zdroj"]
[Date "1995.??.??"]
[Round "10"]
[White "Bus, Mariusz"]
[Black "Labuckas, Aidas"]
[Result "1-0"]
[WhiteElo "2380"]
[BlackElo "2345"]

1.e4 c5 2.Nf3 e6 3.d4 cxd4 4.Nxd4 a6 5.Bd3 Nf6 6.O-O d6 7.c4 Bd7 8.Nc3 Nc6
9.Nxc6 Bxc6 10.Qe2 Be7 11.Rd1 Qa5 12.Be3 O-O 13.a3 Qh5 14.Qxh5 Nxh5 15.Be2 Nf6
16.f3 Rfc8 17.a4 Be8 18.a5 Nd7 19.Na4 Rc7 20.Nb6 Nxb6 21.Bxb6 Rc6 22.b4 g6
23.Ra2 f5 24.Rad2 Bf7 25.b5 Rcc8 26.e5 d5 27.cxd5 exd5 28.bxa6 bxa6 29.f4 Bc5+
30.Kf1 Bxb6 31.axb6 Rcb8 32.Rb2 a5 33.Rc1 Rb7 34.Rc7 Rab8 35.Rxb7 Rxb7 36.Ba6 Rb8
37.b7 a4 38.Rc2 Be6 39.Ke1 Kf8 40.Kd2 a3 41.Ra2 d4 42.Rxa3 Bd5 43.g3 Ke7
44.Ra5 Bc6 45.Rc5 Kd7 46.Bb5 Bxb5 47.Rxb5 Kc6 48.Rb2 Kd5 49.Kd3 h6 50.h4 Kc5
51.e6 Kd6 52.Kxd4 Kxe6 53.Kc5 Kd7 54.Kb6  1-0

[Event "Policka op"]
[Site "Policka"]
[Date "1995.??.??"]
[Round "3"]
[White "Dgebuadze, Alexandre"]
[Black "Vacek, Martin"]
[Result "1-0"]
[WhiteElo "2425"]
[BlackElo "2210"]

1.e4 c5 2.Nf3 e6 3.d4 cxd4 4.Nxd4 a6 5.Bd3 Nf6 6.O-O d6 7.Kh1 Nc6 8.Nxc6 bxc6
9.Nd2 h5 10.Nf3 h4 11.h3 e5 12.c4 Nh5 13.c5 Qf6 14.Bg5 Qe6 15.cxd6 f6 16.Be3 Nf4
17.Bxf4 exf4 18.e5 fxe5 19.Nxe5 Bxd6 20.Ng6 Kd8 21.Nxh8 Kc7 22.Re1 Qf6 23.Ng6 Bd7
24.Qf3  1-0

[Event "POR-ch"]
[Site "POR"]
[Date "1995.??.??"]
[Round "10"]
[White "Damaso, Rui"]
[Black "Galego, Luis"]
[Result "1/2-1/2"]
[WhiteElo "2405"]
[BlackElo "2430"]

1.e4 c5 2.Nf3 e6 3.d4 cxd4 4.Nxd4 a6 5.Bd3 Nc6 6.Nxc6 dxc6 7.O-O e5 8.Nd2 Be6
9.Qe2 Nf6 10.Nc4 Nd7 11.f4 b5 12.Nxe5 Nxe5 13.fxe5 Bc5+ 14.Kh1 Bd4 15.a4 O-O
16.axb5 axb5 17.Rxa8 Qxa8 18.Bf4 Qb8 19.c3 Bxe5 20.Bxe5 Qxe5 21.Qe3 Rd8 22.Kg1 g6
23.Rd1 Bb3 24.Re1 Qd6 25.Bf1 Qd7 26.Qb6 Rc8 27.Qf2  1/2-1/2

[Event "CZE Tschechien-ch"]
[Site "Prague"]
[Date "1995.??.??"]
[Round "?"]
[White "Pallova, Martina"]
[Black "Spesny, Jan"]
[Result "1/2-1/2"]
[WhiteElo "2030"]
[BlackElo "2295"]

1.e4 c5 2.Nf3 e6 3.d4 cxd4 4.Nxd4 a6 5.Bd3 Nc6 6.Nxc6 dxc6 7.O-O e5 8.Be3 Be6
9.Nd2 Nf6 10.Nb3 Nd7 11.c4 a5 12.a4 Bb4 13.Be2 Qe7 14.Rc1 Rd8 15.Qc2 Nc5
16.Bxc5 Bxc5 17.Nxa5 O-O 18.Nb3 Bd4 19.Rfd1 Qb4 20.Nxd4 Rxd4 21.Rxd4 exd4
22.Bd3 h6 23.f4 f6 24.b3 Kh8 25.Rf1 b5 26.axb5 cxb5 27.cxb5 Rc8 28.Qe2 Rc3
29.f5 Bg8 30.Bc4 Rxc4 31.bxc4 Bxc4 32.Qh5 Bxf1 33.Qe8+  1/2-1/2

[Event "CRO-Cup"]
[Site "Pula"]
[Date "1995.??.??"]
[Round "2"]
[White "Novak, Danijel"]
[Black "Hulak, Krunoslav"]
[Result "0-1"]
[WhiteElo "2310"]
[BlackElo "2545"]

1.e4 c5 2.Nf3 e6 3.d4 cxd4 4.Nxd4 a6 5.Bd3 Nf6 6.c4 Nc6 7.Nc2 Ne5 8.Nc3 Qc7
9.Qe2 Bd6 10.h3 h5 11.Be3 b6 12.Rf1 Ng6 13.O-O-O Bb7 14.Qd2 Nf4 15.g3 Nxd3+
16.Qxd3 Be5 17.Bd4 Bxd4 18.Qxd4 e5 19.Qd3 Rc8 20.Ne3 b5 21.b3 O-O 22.Kb2 bxc4
23.Nxc4 Nxe4 24.Nxe4 d5 25.Ned6 dxc4 26.Qxc4 Qxc4 27.bxc4 Rc7 28.Nxb7 Rxb7+
29.Kc3 Rc8 30.Rb1 Rbc7 31.Rb4 Rc6 32.Rd1 Rf6 33.Rd2 Rf3+ 34.Kb2 h4 35.Rc2 hxg3
36.fxg3 Rxg3 37.c5 Rg6 38.Rb6 Kh7 39.c6 e4 40.Rxa6 Re6 41.Ra5 g6 42.Ra7 Kg7
43.Rf2 Rf8 44.c7 Rc8 45.a4 e3 46.Re2 f5 47.Kc3 f4 48.Kd3 Re7 49.a5 Kf6 50.Rb7 Ke5
51.Rc2 Kd6 52.Rb6+ Kd7 53.Ke2 Rxc7 54.Rxc7+ Kxc7 55.Rxg6 f3+ 56.Kxf3 e2 57.Rg1 e1=Q
58.Rxe1 Rxe1 59.h4 Kd6 60.Kg4 Ke6  0-1

[Event "Recklinghausen"]
[Site "Recklinghausen"]
[Date "1995.??.??"]
[Round "3"]
[White "Varga, Zoltan"]
[Black "Henrichs, Thomas"]
[Result "1-0"]
[WhiteElo "2535"]
[BlackElo "2280"]

1.e4 c5 2.Ne2 e6 3.d4 cxd4 4.Nxd4 a6 5.Bd3 Nf6 6.Qe2 d6 7.c4 Qc7 8.O-O Nbd7
9.b3 Be7 10.Bb2 g5 11.Nd2 Rg8 12.Rac1 b6 13.b4 Bb7 14.N2b3 g4 15.a4 Rb8 16.a5 bxa5
17.Nxa5 Ba8 18.Bc3 h5 19.b5 Ne5 20.Bc2 axb5 21.Nxb5 Qc5 22.Rb1 h4 23.Bb4 Nf3+
24.Kh1 Qe5 25.gxf3 gxf3 26.Qxf3 Ng4 27.Qg2 Nf6 28.Qh3 Kd7 29.f3 Nh5 30.Bd2 Ng3+
31.hxg3 hxg3 32.Kg2 Rh8 33.Bc3 Rxh3 34.Bxe5 Rh2+ 35.Kxg3 Rxc2 36.Rb2 Rg8+
37.Kh3 Rxb2 38.Bxb2 d5 39.Rd1 Bb4 40.Bc3 Bxc3 41.Nxc3 Rc8 42.Na4 Rb8 43.cxd5 exd5
44.Nc4 Ke6 45.exd5+  1-0

[Event "ISL-ch"]
[Site "Reykjavik"]
[Date "1995.??.??"]
[Round "3"]
[White "Jonasson, Benedikt"]
[Black "Vidarsson, Jon G"]
[Result "0-1"]
[WhiteElo "2300"]
[BlackElo "2325"]

1.e4 c5 2.Nf3 e6 3.d4 cxd4 4.Nxd4 a6 5.Bd3 Bc5 6.Nb3 Ba7 7.c4 Nc6 8.Nc3 Nge7
9.Qe2 d6 10.Be3 O-O 11.f4 Bxe3 12.Qxe3 d5 13.e5 dxc4 14.Bxc4 Nb4 15.Qe4 Qb6
16.O-O-O Ned5 17.Bxd5 exd5 18.Qd4 Nxa2+ 19.Nxa2 Qxb3 20.Nc3 Bf5 21.Qa4 Qxa4
22.Nxa4 Rfc8+ 23.Nc3 Rc4 24.Rxd5 Rxf4 25.Rhd1 g6 26.g3 Rf2 27.R1d2 Rf1+ 28.Rd1 Rf3
29.Rd8+ Rxd8 30.Rxd8+ Kg7 31.Kd1 Rf1+ 32.Ke2 Rh1 33.h4 Rh2+ 34.Kf3 Rxb2 35.g4 Rb3
36.gxf5 Rxc3+ 37.Kf4 Rc4+ 38.Kf3 gxf5 39.Rd7 Re4 40.Rxb7 Rxe5 41.Kf4 Kf6
42.Ra7 Re4+ 43.Kg3 Rg4+ 44.Kh3 Ra4 45.Kg3 h5 46.Kh3  0-1

[Event "ISL-ch"]
[Site "Reykjavik"]
[Date "1995.??.??"]
[Round "5"]
[White "Stefansson, Hannes"]
[Black "Vidarsson, Jon G"]
[Result "0-1"]
[WhiteElo "2520"]
[BlackElo "2325"]

1.e4 c5 2.Nf3 e6 3.d4 cxd4 4.Nxd4 a6 5.Bd3 g6 6.O-O Bg7 7.Nb3 Ne7 8.c4 O-O
9.Nc3 Nbc6 10.Be3 d5 11.exd5 exd5 12.Bc5 Re8 13.Bxe7 Nxe7 14.Qf3 d4 15.Ne2 Nc6
16.Qg3 Be5 17.f4 Bf6 18.Qf2 Re3 19.Rad1 Bg4 20.Rd2 Qe7 21.Ng3 h5 22.f5 Bg5
23.fxg6 fxg6 24.Kh1 h4 25.Ne4 Rxe4 26.Bxe4 Qxe4 27.Qf7+ Kh8 28.Rdf2 Be7 29.Rf4 Qe6
30.Nxd4 Nxd4 31.Qxe6 Bxe6 32.Rxd4 Bf5 33.b3 Kg8 34.Re1 Bc5 35.Rd5 b6 36.h3 Kf7
37.Rf1 Re8 38.Rd2 Kf6 39.Kh2 a5 40.Kh1 Kg5 41.Rfd1 Re3 42.Rb2 Bb4 43.Rf2 a4
44.bxa4 Ra3 45.Rc1 Rxa4 46.Re2 Bc5 47.Rc3 Bd4 48.Rc1 Ra3 49.Rd1 Bc5 50.Rc1 Bd3
51.Re5+ Kf6 52.Re8 Rxa2  0-1

[Event "Andalucia-ch"]
[Site "Rincon de La Victoria"]
[Date "1995.??.??"]
[Round "6"]
[White "Bernabe Duran, Francisco"]
[Black "Munoz Moreno, Francisco Javier"]
[Result "1/2-1/2"]
[WhiteElo "2120"]
[BlackElo "2320"]

1.e4 c5 2.Nf3 e6 3.d4 cxd4 4.Nxd4 a6 5.Bd3 Nf6 6.O-O d6 7.f4 Be7 8.Qe2 O-O
9.c4 Nc6 10.Nxc6 bxc6 11.e5 dxe5 12.fxe5 Qd4+ 13.Kh1 Nd7 14.Bf4 f6 15.exf6 Rxf6
16.Qd2 e5 17.Be3 Rxf1+ 18.Bxf1 Qxd2 19.Nxd2 Nf6  1/2-1/2

[Event "Salta Clarin op"]
[Site "Salta"]
[Date "1995.??.??"]
[Round "9"]
[White "Ginzburg, Maximiliano"]
[Black "Belmonte, Diego Mariano"]
[Result "1-0"]
[WhiteElo "2440"]
[BlackElo "2160"]

1.e4 c5 2.Nf3 e6 3.d4 cxd4 4.Nxd4 a6 5.Bd3 Nc6 6.Nxc6 bxc6 7.c4 Nf6 8.Nc3 d6
9.O-O Be7 10.f4 c5 11.Qe2 Qc7 12.e5 Nd7 13.exd6 Qxd6 14.Ne4 Qc7 15.b3 Bb7
16.Bb2 Nf6 17.Ng5 Qc6 18.Rae1 Rd8 19.Bb1 h6 20.Nf3 O-O 21.Qc2 Rfe8 22.f5 exf5
23.Qxf5 Qd7 24.Qc2 Bxf3 25.Bxf6 g6 26.Bxe7 Rxe7 27.Rxe7 Qxe7 28.Rxf3 Qg5
29.Rf1 Rd2 30.Qe4  1-0